<?xml version="1.0" encoding="UTF-8"?><?xml-stylesheet type="text/xsl" href="static/style.xsl"?><OAI-PMH xmlns="http://www.openarchives.org/OAI/2.0/" xmlns:xsi="http://www.w3.org/2001/XMLSchema-instance" xsi:schemaLocation="http://www.openarchives.org/OAI/2.0/ http://www.openarchives.org/OAI/2.0/OAI-PMH.xsd"><responseDate>2026-04-13T01:53:52Z</responseDate><request verb="GetRecord" identifier="oai:www.recercat.cat:20.500.14342/1741" metadataPrefix="marc">https://recercat.cat/oai/request</request><GetRecord><record><header><identifier>oai:recercat.cat:20.500.14342/1741</identifier><datestamp>2025-03-11T20:21:20Z</datestamp><setSpec>com_2072_482405</setSpec><setSpec>com_2072_183628</setSpec><setSpec>col_2072_482411</setSpec></header><metadata><record xmlns="http://www.loc.gov/MARC21/slim" xmlns:dcterms="http://purl.org/dc/terms/" xmlns:xsi="http://www.w3.org/2001/XMLSchema-instance" xmlns:doc="http://www.lyncode.com/xoai" xsi:schemaLocation="http://www.loc.gov/MARC21/slim http://www.loc.gov/standards/marcxml/schema/MARC21slim.xsd">
   <leader>00925njm 22002777a 4500</leader>
   <datafield ind2=" " ind1=" " tag="042">
      <subfield code="a">dc</subfield>
   </datafield>
   <datafield ind2=" " ind1=" " tag="720">
      <subfield code="a">Folch Dávila, Carmina</subfield>
      <subfield code="e">author</subfield>
   </datafield>
   <datafield ind2=" " ind1=" " tag="720">
      <subfield code="a">Córdoba Jiménez, Txema</subfield>
      <subfield code="e">author</subfield>
   </datafield>
   <datafield ind2=" " ind1=" " tag="720">
      <subfield code="a">Ribalta Alcalde, Maria Dolors</subfield>
      <subfield code="e">author</subfield>
   </datafield>
   <datafield ind2=" " ind1=" " tag="260">
      <subfield code="c">2020</subfield>
   </datafield>
   <datafield ind2=" " ind1=" " tag="520">
      <subfield code="a">En este artículo presentamos una propuesta pedagógica interdisciplinar que se inscribe en el módulo Educación a través de la plástica, la música y la educación física: proyecto interdisciplinar de los grados de Educación Infantil y Primaria de la Universidad Ramon Llull. La actividad nuclear de este módulo es una performance: una acción artística como resultado de un proceso creativo interdisciplinar, tutorizado por tres docentes de las áreas de educación física, educación musical y educación visual y plástica. Los objetivos del artículo consisten en describir este proceso creativo, incidiendo en las fases del aprendizaje interdisciplinar, la codocencia, el aprendizaje cooperativo y la evaluación formativa, y reflexionar sobre los resultados obtenidos y las condiciones para su implementación. Entre las conclusiones, destacamos la contribución del proyecto interdisciplinar a la formación personal y profesional de los futuros maestros y maestras, el reto que supone para los estudiantes la integración interdisciplinar en un proceso creativo y la importancia de la codocencia en un equipo multidisciplinar para favorecer la síntesis entre contenidos y lenguajes expresivos. Finalmente, se demuestra que el proyecto reúne todas las condiciones del aprendizaje cooperativo que se ven fortalecidas por la inclusión de un sistema de evaluación formativa basada en rúbricas consensuadas con el alumnado y tutorías.</subfield>
   </datafield>
   <datafield ind2=" " ind1=" " tag="520">
      <subfield code="a">In this article we present an interdisciplinary pedagogical proposal that is part of the module Education through visual arts, music and physical education: interdisciplinary project of the Early Childhood and Primary Education degrees of Ramon Llull University. The nuclear activity of this module is a performance: an artistic action, a result of an interdisciplinary creative process, supervised by three teachers from the departments of physical education, music education, and visual arts education. The objectives of the article are to describe this creative process, focusing on the phases of interdisciplinary learning, co-teaching, cooperative learning, and formative evaluation; and to reflect on the results obtained and the conditions for its implementation. Among the conclusions, we highlight the contribution of the interdisciplinary project to the personal and professional training of future teachers, the interdisciplinary integration in a creative process as a challenge for students, and the importance of co-teaching in a multidisciplinary team to promote synthesis between contents and expressive languages. Finally, it is shown that the project meets all the conditions of cooperative learning, strengthened by the inclusion of a formative evaluation system based on agreed-upon rubrics with the students and tutorials. Key words: interdisciplinarity, creative process, coteaching, cooperative learning, formative assessment.</subfield>
   </datafield>
   <datafield ind1="8" ind2=" " tag="024">
      <subfield code="a">http://hdl.handle.net/20.500.14342/1741</subfield>
   </datafield>
   <datafield tag="653" ind2=" " ind1=" ">
      <subfield code="a">Interdisciplinarietat en l'ensenyament</subfield>
   </datafield>
   <datafield tag="653" ind2=" " ind1=" ">
      <subfield code="a">Educació física</subfield>
   </datafield>
   <datafield tag="653" ind2=" " ind1=" ">
      <subfield code="a">Educació musical</subfield>
   </datafield>
   <datafield tag="653" ind2=" " ind1=" ">
      <subfield code="a">Educació artística i plàstica</subfield>
   </datafield>
   <datafield tag="653" ind2=" " ind1=" ">
      <subfield code="a">Aprenentatge cooperatiu</subfield>
   </datafield>
   <datafield tag="653" ind2=" " ind1=" ">
      <subfield code="a">Avaluació educativa</subfield>
   </datafield>
   <datafield tag="653" ind2=" " ind1=" ">
      <subfield code="a">Mestres -- Formació</subfield>
   </datafield>
   <datafield ind2="0" ind1="0" tag="245">
      <subfield code="a">La performance: Una propuesta interdisciplinar de las áreas de educación física, educación musical y educación visual y plástica en la formación inicial de los futuros maestros</subfield>
   </datafield>
</record></metadata></record></GetRecord></OAI-PMH>